000 00226nam a2200097Ia 4500
008 240331s9999 xx 000 0 und d
082 _bJAY
100 _aJayawardena,K.P
245 0 _aWomen and governance :
_bSri Lanka
942 _cL
999 _c1992
_d1992